00310nam a2200109Ia 4500008004100000041000800041082001800049100002000067245002900087260007000116300001400186231228s1997 xx 000 0 und d aeng a891.4437bRAY aRAY (Satya Jit) aThe Royal Bengal Mystery aNew DelhibPenguin Books India Pvt. Ltd. New Delhi , Londonc1997 aviii, 349